000
00205nam a22000857a 4500
008
170620b xxu||||| |||| 00| 0 eng d
100
_9
3561
_a
Nagpal.K
245
_a
Essays for All
260
_a
New Delhi
_b
R.C
_c
2012
999
_c
6946
_d
6946